<?xml version="1.0" encoding="UTF-8"?>
<marc:record xmlns:marc="http://www.loc.gov/MARC21/slim" type="Bibliographic">
   <marc:leader>00000nam a2200000 c 4500</marc:leader>
   <marc:controlfield tag="001">951997041</marc:controlfield>
   <marc:controlfield tag="003">DE-101</marc:controlfield>
   <marc:controlfield tag="005">20171203032207.0</marc:controlfield>
   <marc:controlfield tag="007">tu</marc:controlfield>
   <marc:controlfield tag="008">971028s1997    au ||||| |||| 00||||ger  </marc:controlfield>
   <marc:datafield ind1=" " ind2=" " tag="015">
      <marc:subfield code="a">98,A07,1640</marc:subfield>
      <marc:subfield code="2">dnb</marc:subfield>
   </marc:datafield>
   <marc:datafield ind1="7" ind2=" " tag="016">
      <marc:subfield code="2">DE-101</marc:subfield>
      <marc:subfield code="a">951997041</marc:subfield>
   </marc:datafield>
   <marc:datafield ind1=" " ind2=" " tag="020">
      <marc:subfield code="a">9783852560540</marc:subfield>
      <marc:subfield code="c">kart.</marc:subfield>
      <marc:subfield code="9">978-3-85256-054-0</marc:subfield>
   </marc:datafield>
   <marc:datafield ind1=" " ind2=" " tag="020">
      <marc:subfield code="a">3852560543</marc:subfield>
      <marc:subfield code="c">kart.</marc:subfield>
      <marc:subfield code="9">3-85256-054-3</marc:subfield>
   </marc:datafield>
   <marc:datafield ind1=" " ind2=" " tag="035">
      <marc:subfield code="a">(DE-599)DNB951997041</marc:subfield>
   </marc:datafield>
   <marc:datafield ind1=" " ind2=" " tag="035">
      <marc:subfield code="a">(OCoLC)611645896</marc:subfield>
   </marc:datafield>
   <marc:datafield ind1=" " ind2=" " tag="040">
      <marc:subfield code="a">1140</marc:subfield>
      <marc:subfield code="b">ger</marc:subfield>
      <marc:subfield code="c">DE-101</marc:subfield>
      <marc:subfield code="d">9999</marc:subfield>
   </marc:datafield>
   <marc:datafield ind1=" " ind2=" " tag="041">
      <marc:subfield code="a">ger</marc:subfield>
      <marc:subfield code="h">hrv</marc:subfield>
   </marc:datafield>
   <marc:datafield ind1=" " ind2=" " tag="043">
      <marc:subfield code="c">XA-BA</marc:subfield>
      <marc:subfield code="c">XA-BA</marc:subfield>
   </marc:datafield>
   <marc:datafield ind1=" " ind2=" " tag="044">
      <marc:subfield code="c">XA-AT</marc:subfield>
   </marc:datafield>
   <marc:datafield ind1=" " ind2=" " tag="084">
      <marc:subfield code="a">63</marc:subfield>
      <marc:subfield code="a">21</marc:subfield>
      <marc:subfield code="a">06</marc:subfield>
      <marc:subfield code="a">900</marc:subfield>
      <marc:subfield code="a">920</marc:subfield>
      <marc:subfield code="a">930</marc:subfield>
      <marc:subfield code="a">940</marc:subfield>
      <marc:subfield code="a">943</marc:subfield>
      <marc:subfield code="a">950</marc:subfield>
      <marc:subfield code="a">960</marc:subfield>
      <marc:subfield code="a">970</marc:subfield>
      <marc:subfield code="a">980</marc:subfield>
      <marc:subfield code="a">990</marc:subfield>
      <marc:subfield code="q">DE-101</marc:subfield>
      <marc:subfield code="2">sdnb</marc:subfield>
   </marc:datafield>
   <marc:datafield ind1=" " ind2=" " tag="084">
      <marc:subfield code="a">2.3p</marc:subfield>
      <marc:subfield code="a">16.5</marc:subfield>
      <marc:subfield code="a">8.4</marc:subfield>
      <marc:subfield code="q">DE-101</marc:subfield>
      <marc:subfield code="2">sswd</marc:subfield>
   </marc:datafield>
   <marc:datafield ind1=" " ind2=" " tag="090">
      <marc:subfield code="a">b</marc:subfield>
   </marc:datafield>
   <marc:datafield ind1="1" ind2=" " tag="100">
      <marc:subfield code="0">(DE-588)119534789</marc:subfield>
      <marc:subfield code="0">http://d-nb.info/gnd/119534789</marc:subfield>
      <marc:subfield code="0">(DE-101)119534789</marc:subfield>
      <marc:subfield code="a">Vuksanović, Mladen</marc:subfield>
      <marc:subfield code="d">1942-1999</marc:subfield>
      <marc:subfield code="e">Verfasser</marc:subfield>
      <marc:subfield code="4">aut</marc:subfield>
   </marc:datafield>
   <marc:datafield ind1="0" ind2="0" tag="245">
      <marc:subfield code="a">Pale - im Herzen der Finsternis</marc:subfield>
      <marc:subfield code="b">Tagebuch 5.4. - 15.7.1992</marc:subfield>
      <marc:subfield code="c">Mladen Vuksanović. Aus dem Serbokroat. von Detlef I. Olof. Mit einem Vorw. von Joschka Fischer und einer Nachbemerkung von Roman Arens und Christiane Schlötzer-Scotland</marc:subfield>
   </marc:datafield>
   <marc:datafield ind1=" " ind2="1" tag="264">
      <marc:subfield code="a">Wien</marc:subfield>
      <marc:subfield code="a">Bozen</marc:subfield>
      <marc:subfield code="b">Folio</marc:subfield>
      <marc:subfield code="c">1997</marc:subfield>
   </marc:datafield>
   <marc:datafield ind1=" " ind2=" " tag="300">
      <marc:subfield code="a">150 S.</marc:subfield>
      <marc:subfield code="c">21 cm</marc:subfield>
   </marc:datafield>
   <marc:datafield ind1=" " ind2=" " tag="336">
      <marc:subfield code="a">Text</marc:subfield>
      <marc:subfield code="b">txt</marc:subfield>
      <marc:subfield code="2">rdacontent</marc:subfield>
   </marc:datafield>
   <marc:datafield ind1=" " ind2=" " tag="337">
      <marc:subfield code="a">ohne Hilfsmittel zu benutzen</marc:subfield>
      <marc:subfield code="b">n</marc:subfield>
      <marc:subfield code="2">rdamedia</marc:subfield>
   </marc:datafield>
   <marc:datafield ind1=" " ind2=" " tag="338">
      <marc:subfield code="a">Band</marc:subfield>
      <marc:subfield code="b">nc</marc:subfield>
      <marc:subfield code="2">rdacarrier</marc:subfield>
   </marc:datafield>
   <marc:datafield ind1="1" ind2=" " tag="490">
      <marc:subfield code="a">Transfer Europa</marc:subfield>
      <marc:subfield code="v">10</marc:subfield>
   </marc:datafield>
   <marc:datafield ind1="1" ind2="7" tag="600">
      <marc:subfield code="0">(DE-588)119534789</marc:subfield>
      <marc:subfield code="0">http://d-nb.info/gnd/119534789</marc:subfield>
      <marc:subfield code="0">(DE-101)119534789</marc:subfield>
      <marc:subfield code="a">Vuksanović, Mladen</marc:subfield>
      <marc:subfield code="d">1942-1999</marc:subfield>
      <marc:subfield code="2">gnd</marc:subfield>
   </marc:datafield>
   <marc:datafield ind1=" " ind2="7" tag="648">
      <marc:subfield code="a">Geschichte 1992</marc:subfield>
      <marc:subfield code="2">gnd</marc:subfield>
   </marc:datafield>
   <marc:datafield ind1=" " ind2="7" tag="650">
      <marc:subfield code="0">(DE-588)4345999-7</marc:subfield>
      <marc:subfield code="0">http://d-nb.info/gnd/4345999-7</marc:subfield>
      <marc:subfield code="0">(DE-101)941725081</marc:subfield>
      <marc:subfield code="a">Bosnienkrieg</marc:subfield>
      <marc:subfield code="2">gnd</marc:subfield>
   </marc:datafield>
   <marc:datafield ind1=" " ind2="7" tag="651">
      <marc:subfield code="0">(DE-588)4451436-0</marc:subfield>
      <marc:subfield code="0">http://d-nb.info/gnd/4451436-0</marc:subfield>
      <marc:subfield code="0">(DE-101)950279161</marc:subfield>
      <marc:subfield code="a">Pale</marc:subfield>
      <marc:subfield code="g">Sarajevo</marc:subfield>
      <marc:subfield code="2">gnd</marc:subfield>
   </marc:datafield>
   <marc:datafield ind1=" " ind2="7" tag="655">
      <marc:subfield code="0">(DE-588)4058900-6</marc:subfield>
      <marc:subfield code="0">http://d-nb.info/gnd/4058900-6</marc:subfield>
      <marc:subfield code="0">(DE-101)040589005</marc:subfield>
      <marc:subfield code="a">Tagebuch</marc:subfield>
      <marc:subfield code="y">1992</marc:subfield>
      <marc:subfield code="2">gnd-content</marc:subfield>
   </marc:datafield>
   <marc:datafield ind1=" " ind2="7" tag="655">
      <marc:subfield code="0">(DE-588)4133254-4</marc:subfield>
      <marc:subfield code="0">http://d-nb.info/gnd/4133254-4</marc:subfield>
      <marc:subfield code="0">(DE-101)041332547</marc:subfield>
      <marc:subfield code="a">Erlebnisbericht</marc:subfield>
      <marc:subfield code="2">gnd-content</marc:subfield>
   </marc:datafield>
   <marc:datafield ind1=" " ind2="7" tag="655">
      <marc:subfield code="a">Tagebuch 1992</marc:subfield>
      <marc:subfield code="2">gnd</marc:subfield>
   </marc:datafield>
   <marc:datafield ind1=" " ind2="7" tag="655">
      <marc:subfield code="a">Erlebnisbericht</marc:subfield>
      <marc:subfield code="2">gnd</marc:subfield>
   </marc:datafield>
   <marc:datafield ind1="0" ind2="0" tag="689">
      <marc:subfield code="0">(DE-588)119534789</marc:subfield>
      <marc:subfield code="0">http://d-nb.info/gnd/119534789</marc:subfield>
      <marc:subfield code="0">(DE-101)119534789</marc:subfield>
      <marc:subfield code="D">p</marc:subfield>
      <marc:subfield code="a">Vuksanović, Mladen</marc:subfield>
      <marc:subfield code="d">1942-1999</marc:subfield>
   </marc:datafield>
   <marc:datafield ind1="0" ind2="1" tag="689">
      <marc:subfield code="A">f</marc:subfield>
      <marc:subfield code="a">Tagebuch 1992</marc:subfield>
   </marc:datafield>
   <marc:datafield ind1="0" ind2=" " tag="689">
      <marc:subfield code="5">DE-101</marc:subfield>
      <marc:subfield code="5">DE-101</marc:subfield>
   </marc:datafield>
   <marc:datafield ind1="1" ind2="0" tag="689">
      <marc:subfield code="0">(DE-588)4345999-7</marc:subfield>
      <marc:subfield code="0">http://d-nb.info/gnd/4345999-7</marc:subfield>
      <marc:subfield code="0">(DE-101)941725081</marc:subfield>
      <marc:subfield code="D">s</marc:subfield>
      <marc:subfield code="a">Bosnienkrieg</marc:subfield>
   </marc:datafield>
   <marc:datafield ind1="1" ind2="1" tag="689">
      <marc:subfield code="0">(DE-588)4451436-0</marc:subfield>
      <marc:subfield code="0">http://d-nb.info/gnd/4451436-0</marc:subfield>
      <marc:subfield code="0">(DE-101)950279161</marc:subfield>
      <marc:subfield code="D">g</marc:subfield>
      <marc:subfield code="a">Pale</marc:subfield>
      <marc:subfield code="g">Sarajevo</marc:subfield>
   </marc:datafield>
   <marc:datafield ind1="1" ind2="2" tag="689">
      <marc:subfield code="A">z</marc:subfield>
      <marc:subfield code="a">Geschichte 1992</marc:subfield>
   </marc:datafield>
   <marc:datafield ind1="1" ind2="3" tag="689">
      <marc:subfield code="A">f</marc:subfield>
      <marc:subfield code="a">Erlebnisbericht</marc:subfield>
   </marc:datafield>
   <marc:datafield ind1="1" ind2=" " tag="689">
      <marc:subfield code="5">DE-101</marc:subfield>
      <marc:subfield code="5">DE-101</marc:subfield>
   </marc:datafield>
   <marc:datafield ind1=" " ind2="0" tag="830">
      <marc:subfield code="a">Transfer Europa</marc:subfield>
      <marc:subfield code="v">10</marc:subfield>
      <marc:subfield code="w">(DE-101)025140345</marc:subfield>
      <marc:subfield code="w">(DE-600)2121470-0</marc:subfield>
      <marc:subfield code="9">210</marc:subfield>
      <marc:subfield code="7">as</marc:subfield>
   </marc:datafield>
   <marc:datafield ind1=" " ind2=" " tag="850">
      <marc:subfield code="a">DE-101a</marc:subfield>
   </marc:datafield>
   <marc:datafield ind1="r" ind2=" " tag="925">
      <marc:subfield code="a">ra</marc:subfield>
   </marc:datafield>
</marc:record>
